书目信息 |
| 题名: |
俄罗斯苏联文学名著选读
|
|
| 作者: | 余绍裔 编 | |
| 分册: | 下册 | |
| 出版信息: | 北京 商务印书馆 1984 |
|
| 页数: | 421页 | |
| 开本: | 21cm | |
| 丛书名: | ||
| 单 册: | ||
| 中图分类: | H359.4:I , H359.4 | |
| 科图分类: | ||
| 主题词: | 俄语--课外读物 | |
| 电子资源: | ||
| ISBN: | ||
| 000 | 00714nam0 2200253 45 | |
| 001 | 0184002825 | |
| 005 | 20040508173526.6 | |
| 010 | @dCNY2.05 | |
| 091 | @a9017.1315 | |
| 100 | @a19950531d1984 em y0chiy0121 ea | |
| 101 | 0 | @achi@arus |
| 102 | @aCN@b110000 | |
| 105 | @ay z 000yy | |
| 106 | @ar | |
| 200 | 10 | @a俄罗斯苏联文学名著选读@h下册@h苏联部分@Ae luo si su lian wen xue ming zhu xuan du@f余绍裔编 |
| 210 | @a北京@c商务印书馆@d1984 | |
| 215 | @a421页@d21cm | |
| 606 | @a俄语@x课外读物 | |
| 690 | @aH359.4:I@v3 | |
| 690 | @aH359.4@v3 | |
| 701 | 0 | @a余绍裔@Ayu shao yi@4编 |
| 801 | 0 | @aCN@b上海图书馆@c20040506 |
| 801 | 2 | @aCN@bNLC@c20040506 |
| 905 | @f2@b144581-582@dH359.4@f5@b206631-635@e69:2 | |
| 俄罗斯苏联文学名著选读.下册.苏联部分/余绍裔编.-北京:商务印书馆,1984 |
| 421页;21cm |
| ISBN :CNY2.05 |
| ● |
| 相关链接 |
|
|
|
|
正题名:俄罗斯苏联文学名著选读
索取号:H359.4/69:2
 
预约/预借
| 序号 | 登录号 | 条形码 | 馆藏地/架位号 | 状态 | 备注 |
| 1 | 0144581 | 001139887 | 密集书库/ [索取号:H359.4/69:2] | 在馆 | |
| 2 | 0144582 | 001139823 | 密集书库/ [索取号:H359.4/69:2] | 在馆 | |
| 3 | 0144583 | 001139814 | 第二样本阅览室/ [索取号:H359.4/69:2] | 在馆 | |
| 4 | 0206631 | 001139869 | 第四借阅区/ [索取号:H359.4/69:2] | 在馆 | |
| 5 | 0206632 | 001139878 | 密集书库/ [索取号:H359.4/69:2] | 在馆 | |
| 6 | 0206633 | 001139896 | 密集书库/ [索取号:H359.4/69:2] | 在馆 | |
| 7 | 0206634 | 001139850 | 密集书库/ [索取号:H359.4/69:2] | 在馆 | |
| 8 | 0206635 | 001139832 | 密集书库/ [索取号:H359.4/69:2] | 在馆 |